000 00377nam a2200133Ia 4500
008 210430s9999 xx 000 0 und d
020 _a978-8123916446
082 _a671.36 S639 H
100 _aJ.L. Smith, G. M. Russel, S. C. Bhatia
_9128864
245 _aHeat Treatment of Metals volume 1 /
_cJ.L. Smith
260 _aIndia
_bCBS
_c2008
300 _a635 P
942 _cBK
_2ddc
999 _c565487
_d565487